000 01358nam a2200349Ia 4500
001 ebr10135636
003 CaPaEBR
006 m u
007 cr cn|||||||||
008 040113s2004 nyua sb 001 0 eng d
010 _z 2004041687
020 _z1403979618
020 _z1403962626 (alk. paper)
040 _aCaPaEBR
_cCaPaEBR
035 _a(OCoLC)560467828
050 1 4 _aHQ1793
_b.R87 2004eb
082 0 4 _a305.42/0962
_222
100 1 _aRussell, Mona L.
245 1 0 _aCreating the new Egyptian woman
_h[electronic resource] :
_bconsumerism, education, and national identity, 1863-1922 /
_cMona L. Russell.
250 _a1st ed.
260 _aNew York :
_bPalgrave Macmillan,
_c2004.
300 _axii, 237 p. :
_bill.
504 _aIncludes bibliographical references (p. [173]-229) and index.
533 _aElectronic reproduction.
_bPalo Alto, Calif. :
_cebrary,
_d2009.
_nAvailable via World Wide Web.
_nAccess may be limited to ebrary affiliated libraries.
650 0 _aWomen
_zEgypt
_xSocial conditions.
650 0 _aWomen consumers
_zEgypt.
650 0 _aWomen
_xEducation
_zEgypt.
650 0 _aWomen's rights
_zEgypt.
655 7 _aElectronic books.
_2local
710 2 _aebrary, Inc.
856 4 0 _uhttp://site.ebrary.com/lib/rucke/Doc?id=10135636
_zAn electronic book accessible through the World Wide Web; click to view
999 _c87552
_d87552